<?xml version="1.0" encoding="UTF-8"?><?xml-stylesheet type="text/xsl" href="static/style.xsl"?><OAI-PMH xmlns="http://www.openarchives.org/OAI/2.0/" xmlns:xsi="http://www.w3.org/2001/XMLSchema-instance" xsi:schemaLocation="http://www.openarchives.org/OAI/2.0/ http://www.openarchives.org/OAI/2.0/OAI-PMH.xsd"><responseDate>2026-04-17T05:57:04Z</responseDate><request verb="GetRecord" identifier="oai:www.recercat.cat:2117/331362" metadataPrefix="marc">https://recercat.cat/oai/request</request><GetRecord><record><header><identifier>oai:recercat.cat:2117/331362</identifier><datestamp>2026-01-17T01:11:27Z</datestamp><setSpec>com_2072_1033</setSpec><setSpec>col_2072_452949</setSpec></header><metadata><record xmlns="http://www.loc.gov/MARC21/slim" xmlns:dcterms="http://purl.org/dc/terms/" xmlns:xsi="http://www.w3.org/2001/XMLSchema-instance" xmlns:doc="http://www.lyncode.com/xoai" xsi:schemaLocation="http://www.loc.gov/MARC21/slim http://www.loc.gov/standards/marcxml/schema/MARC21slim.xsd">
   <leader>00925njm 22002777a 4500</leader>
   <datafield ind2=" " ind1=" " tag="042">
      <subfield code="a">dc</subfield>
   </datafield>
   <datafield ind2=" " ind1=" " tag="720">
      <subfield code="a">Lagos Vergara, Rodrigo</subfield>
      <subfield code="e">author</subfield>
   </datafield>
   <datafield ind2=" " ind1=" " tag="720">
      <subfield code="a">Barrientos Diaz, Macarena</subfield>
      <subfield code="e">author</subfield>
   </datafield>
   <datafield ind2=" " ind1=" " tag="260">
      <subfield code="c">2020-11</subfield>
   </datafield>
   <datafield ind2=" " ind1=" " tag="520">
      <subfield code="a">Desde el año 2000, las estructuras y dinámicas universitarias han tendido a homologar los procesos internos de las escuelas de arquitectura chilenas. No obstante, el perfil de un estudiante más informado y exigente ha desafiado, tanto la política pública como la pedagogía disciplinar. Así los docentes, más valorados por su productividad científica que por su práctica -desde instituciones torpes para atender las exigencias de los estudiantes- han actuado más bien reactivamente. Sin embargo, desde regiones, surgen tres talleres cuyas acciones pedagógicas -en la línea radical de los años sesenta- desafían el pensamiento normativo; cuestionando y reorganizando aspectos disciplinares desde la base formativa. Con un potencial innovador, apuestan por otra forma de relación docente-estudiante y práctica-investigación que, desde una organización flexible, construye comunidad a través del proyecto. En esta comunicación, estas dimensiones nos permitirán describir y caracterizar estos talleres y sus respectivas acciones pedagógicas.</subfield>
   </datafield>
   <datafield ind2=" " ind1=" " tag="520">
      <subfield code="a">Since 2000, the structures and university dynamics have tended to a standardization of certain internal processes of Chilean schools of architecture. At the same time, a more informed and demanding profile of student has challenged both public policies and disciplinary pedagogy. Thus, teachers, more valued for their scientific productivity than for their practice – and from their clumsy institution to attend student demands- have acted rather reactively. However, from regional contexts, three workshops emerge presenting pedagogical actions -in the radical line of the 60’s- that challenge normative thinking; while interrogating and reorganizing disciplinary aspects from the training base of architects. With an innovative potential, they bet on another form of teacher-student and practice-research relationship that, from a flexible organization, they get to build community through the project. In this communication, these dimensions will allow us to describe and characterize these workshop experiences’ and their respective pedagogical actions.</subfield>
   </datafield>
   <datafield ind2=" " ind1=" " tag="520">
      <subfield code="a">Peer Reviewed</subfield>
   </datafield>
   <datafield tag="653" ind2=" " ind1=" ">
      <subfield code="a">Àrees temàtiques de la UPC::Arquitectura</subfield>
   </datafield>
   <datafield tag="653" ind2=" " ind1=" ">
      <subfield code="a">Àrees temàtiques de la UPC::Ensenyament i aprenentatge</subfield>
   </datafield>
   <datafield tag="653" ind2=" " ind1=" ">
      <subfield code="a">Architecture -- Study and teaching (Higher)</subfield>
   </datafield>
   <datafield tag="653" ind2=" " ind1=" ">
      <subfield code="a">Pedagogical action</subfield>
   </datafield>
   <datafield tag="653" ind2=" " ind1=" ">
      <subfield code="a">Innovation</subfield>
   </datafield>
   <datafield tag="653" ind2=" " ind1=" ">
      <subfield code="a">Practice</subfield>
   </datafield>
   <datafield tag="653" ind2=" " ind1=" ">
      <subfield code="a">Community</subfield>
   </datafield>
   <datafield tag="653" ind2=" " ind1=" ">
      <subfield code="a">Acción pedagógica</subfield>
   </datafield>
   <datafield tag="653" ind2=" " ind1=" ">
      <subfield code="a">Innovación</subfield>
   </datafield>
   <datafield tag="653" ind2=" " ind1=" ">
      <subfield code="a">Práctica</subfield>
   </datafield>
   <datafield tag="653" ind2=" " ind1=" ">
      <subfield code="a">Comunidad</subfield>
   </datafield>
   <datafield tag="653" ind2=" " ind1=" ">
      <subfield code="a">Arquitectura -- Ensenyament universitari</subfield>
   </datafield>
   <datafield ind2="0" ind1="0" tag="245">
      <subfield code="a">Enseñanza de la arquitectura en Chile: acciones pedagógicas con potencial innovador</subfield>
   </datafield>
   <datafield ind2="0" ind1="0" tag="245">
      <subfield code="a">Architectural teaching in Chile: pedagogical actions with innovative potential</subfield>
   </datafield>
</record></metadata></record></GetRecord></OAI-PMH>